| 000 | 00468cam a2200193 4500 | ||
|---|---|---|---|
| 001 | D2946 | ||
| 008 | 090401t1979 xxu||||| |||| 00| 0 eng d | ||
| 035 | _a(Sirsi) u71176 | ||
| 041 | _aeng | ||
| 050 | _a332.63240973 | ||
| 100 | _aCreedy, Judith | ||
| 245 | _aReal estate investment by objective | ||
| 260 |
_aNew York _bMcGraw-Hill Book Co _c1979 |
||
| 300 | _axx. 411p. 23cm | ||
| 350 | _a9.9 | ||
| 700 | _aWall, Norbet F | ||
| 942 | _n0 | ||
| 948 | _c04/03/1997 | ||
| 999 |
_c95391 _d95391 |
||